[Event "Nordic-ch U13"]
[Site "Billund"]
[Date "2014.02.16"]
[Round "5"]
[White "Ng, Klemens"]
[Black "Ramsdal, Lasse Andreas"]
[Result "1-0"]
[WhiteElo "1620"]
[BlackElo "1756"]
[PlyCount "95"]
[EventDate "2014.02.14"]
[EventType "swiss"]
[EventRounds "6"]
[EventCountry "DEN"]
[SourceTitle "EXT 2024"]
[Source "ChessBase"]
[SourceDate "2023.10.10"]
[SourceVersion "1"]
[SourceVersionDate "2023.10.10"]
[SourceQuality "1"]

1. e4 c5 2. Nf3 g6 3. c3 Bg7 4. d4 cxd4 5. cxd4 d5 6. exd5 Qxd5 7. Nc3 Qd6 8. Bc4 Bg4 9. Bxf7+ Kxf7 10. Ng5+ Ke8 11. Qxg4 Nc6 12. 0-0 Qxd4 13. Qe6 Qf6 14. Qb3 Rb8 15. Nd5 Qd6 16. Nc7+ Qxc7 17. Qf7+ Kd7 18. Qxg7 Qe5 19. Rd1+ Kc8 20. Qf8+ Kc7 21. Bf4 Rxf8 22. Bxe5+ Nxe5 23. Ne6+ Kb6 24. Nxf8 Nf6 25. Ne6 Rc8 26. f4 Nc6 27. Rd3 Na5 28. Nd4 Nc6 29. Nxc6 Rxc6 30. Rd2 Re6 31. h3 Re4 32. g3 Kc6 33. Rc1+ Kb6 34. Kf1 Re3 35. Kf2 Re6 36. Re2 Rxe2+ 37. Kxe2 Nd5 38. a3 a6 39. Kd3 Nf6 40. g4 Nd5 41. Ke4 e6 42. Ke5 h5 43. gxh5 gxh5 44. Rc8 Kb5 45. Re8 Ka4 46. Rxe6 Ne3 47. f5 Nc4+ 48. Kd4 1-0

[Event "Nordic-ch U13"]
[Site "Billund"]
[Date "2014.02.15"]
[Round "3"]
[White "Ananthan, Arunn"]
[Black "Ramsdal, Lasse Andreas"]
[Result "1-0"]
[WhiteElo "1746"]
[BlackElo "1756"]
[PlyCount "109"]
[EventDate "2014.02.14"]
[EventType "swiss"]
[EventRounds "6"]
[EventCountry "DEN"]
[SourceTitle "EXT 2024"]
[Source "ChessBase"]
[SourceDate "2023.10.10"]
[SourceVersion "1"]
[SourceVersionDate "2023.10.10"]
[SourceQuality "1"]

1. d4 d5 2. Nc3 e6 3. Bf4 Bb4 4. e3 Nf6 5. Bd3 Nbd7 6. Nge2 Nh5 7. Bg3 Nxg3 8. hxg3 h6 9. a3 Be7 10. Nf4 c5 11. Nh5 Bf6 12. Qg4 g5 13. Nxf6+ Nxf6 14. Qxg5 cxd4 15. exd4 hxg5 16. Rxh8+ Ke7 17. Rxd8 Kxd8 18. 0-0-0 Bd7 19. f4 g4 20. Rh1 Ke7 21. Nd1 Ne4 22. Bxe4 dxe4 23. Ne3 f5 24. Nc4 Re8 25. Rh7+ Kd8 26. Nd6 Re7 27. Nxb7+ Ke8 28. Rh8+ Kf7 29. Nd6+ Kg6 30. c4 e3 31. Kd1 Bc6 32. Ke2 Rd7 33. c5 Bxg2 34. Kxe3 a5 35. Kd3 a4 36. Kc3 Kg7 37. Rh2 Bf3 38. b4 axb3 39. Kxb3 Ra7 40. Rd2 Bc6 41. Nc8 Ra8 42. Nb6 Rh8 43. d5 exd5 44. Nxd5 Rh3 45. Rd3 Bxd5+ 46. Rxd5 Rxg3+ 47. Kb4 Kf6 48. c6 Rg1 49. Rc5 Rb1+ 50. Ka5 Rb8 51. c7 Rc8 52. Kb6 g3 53. Rc1 Ke7 54. Kb7 Kd7 55. Rd1+ 1-0